Fyzikálny model palivovej kazety [CD-ROM]

Gespeichert in:
Bibliographische Detailangaben
1. Verfasser: Kováčik, Martin, 1985- (Verfasst von)
Weitere Verfasser: Urban, František, 1952- (xxx)
Format: Manuskript Buch
Sprache:Slowakisch
Veröffentlicht: Bratislava : STU v Bratislave SjF, 2009
Schlagworte:
Tags: Tag hinzufügen
Keine Tags, Fügen Sie das erste Tag hinzu!

MARC

LEADER 00000ntm a22000003a 4500
001 stu215999
005 20150617230107.5
008 101109s2009----xo------------------slo-d
040 |a STU  |b slo 
041 0 |a slo 
044 |a xo 
100 1 |a Kováčik, Martin,  |d 1985-  |4 aut  |u J0060  |U SjF Strojnícka fakulta  |T SjF Ústav tepelnej energetiky  |X 13163  |U J0060  |Y 805  |7 A000013163 
242 0 0 |a The physical model of fuel assembly  |y eng 
245 1 |a Fyzikálny model palivovej kazety [CD-ROM] 
260 |a Bratislava :  |b STU v Bratislave SjF,  |c 2009 
300 |a 67 s 
650 7 |a palivová kazeta  |2 stusub 
650 7 |a fuel assembly  |2 estusub 
700 1 |a Urban, František,  |d 1952-  |4 xxx  |u J0060  |U SjF Strojnícka fakulta  |T SjF Ústav tepelnej energetiky  |X 2435  |U J0060  |Y 805  |7 A000002435 
996 |b 284J037892  |c J*539/DP  |l JJSK  |s A  |a 24  |w stu215999_0001